Statistics for KalBahamut's April Fools Quiz #2

Click here to take the quiz!

General Stats

  • This quiz has been taken 400 times
  • The average score is 13 of 20

Answer Stats

HintAnswer% Correct
If you visited the French embassy in London, on which country's sovereign territory would you be standing?France
88%
If a politician is born outside of the USA, which elected office is it impossible for them to obtain?president
88%
And on what year?1 AD
87%
On what day was Jesus born?December 25
84%
The "immaculate conception" refers to the fact that Mary was what, when she gave birth?a virgin
83%
Which country is actually the world's biggest terrorist organization?America
82%
Who is going to pay for the wall Donald Trump wants to build?Mexico
80%
If a White person wears a Pocahontas costume for Halloween, which people have been the victim of cultural appropriation?Native Americans
76%
What common kitchen appliance cooks food from the inside out?microwave
73%
What important document in US history was signed on July 4, 1776?Declaration of Independence
71%
Which founder of a major religion was morbidly obese?Buddha
68%
Who composed the tune to "Twinkle Twinkle Little Star" when only 5 years old?Mozart
67%
Because it is a system of oppression, what is it impossible for non-White people to be?racist
59%
What early settlers of North America enjoyed wearing buckles on their hats?Pilgrims
57%
And similarly, what is it impossible for women to be?sexist
54%
What type of civil servant, if asked what their profession is, are legally obligated to tell the truth?police officer
46%
Which American car saw poor sales in Latin America due to a name that means "doesn't go?"Chevy Nova
40%
What has Congress refused to put labels on despite many studies proving they are unhealthy?GMOs
21%
Who wrote "the ends justify the means?"Machiavelli
18%
In what city was baseball invented?Cooperstown
16%

Score Distribution

Percentile by Number Answered

Percent of People with Each Score

Your Score History

You have not taken this quiz